000 00453nam a2200121Ia 4500
008 220216s9999 xx 000 0 und d
100 _aVarghese Y.A.
245 0 _aResearch priorities and agro ecologic relevance of rubber in the North East
260 _bSeminar on Scientific Aspects of Rubber Cultivation, September 1998, Assam Agricultural University, Jorhat, India.
_c1998
650 _aNorth East India
650 _aResearch priority
942 _cBS
999 _c53012
_d53012